Представление документа в формате RUSMARC

ПолеНазваниеЗначение
  Тип записи a
  Библиографический уровень m
001 Контрольный номер a1ee58540e52441289730d1cce7948b1
005 Дата корректировки 20230112120033.4
010 Индекс ISBN __
a ISBN 978-5-6044438-3-5
b Уточнения в пер.
9 Тираж 50000 экз.
d Цена 3550-33
100 Данные общей обработки __
a Данные общей обработки 20221005d2022 m y0rusy028902 ca
101 Язык документа 0_
a Язык текста rus
102 Страна публикации __
a Страна публикации RU
105 Кодированные данные (монография) __
a Кодированные данные (монография) a g 001yy
181 Поле кодированных данных: вид содержания _0
a Код вида содержания (ISBD) i
182 Поле кодированных данных: тип средства _0
a Код типа средства (ISBD) n
200 Заглавие и сведения об ответственности 1_
a Заглавие Справочник Видаль, 2022. Лекарственные препараты в России
f Первые сведения об ответственности [редакторы: Е. А. Толмачева и др.]
203 Вид содержания и тип средства __
a Вид содержания Текст
c Тип средства непосредственный
205 Сведения об издании __
a Основные сведения об издании Издание 28-е
210 Выходные данные 1_
a Место издания Москва
c Издательство Видаль Рус
d Дата издания 2022
215 Физическое описание __
a Объем 1118 с.
d Формат 30 см
c Иллюстрации/тип воспроизводства ил., цв. ил.
225 Серия 2_
a Серия Vidal
320 Библиография __
a Библиография Алфавитный указатель: с. 1113-1118
330 Аннотация __
a Аннотация Справочник ВИДАЛЬ содержит описания лекарственных препаратов и активных веществ (под международными наименованиями), представленных на фармрынке России. Информационные страницы ведущих фармацевтических компаний содержат перечень препаратов с указанием номера и даты регистрации, а также адреса и телефоны представительств для обратной связи. Удобный поиск обеспечивается указателями: клинико-фармакологических групп, международных наименований, нозологическим (МКБ-10) и АТХ системы классификации. В Справочник также включены описания БАДов, медизделий, продуктов лечебного питания и лечебной косметики, сертифицированных в России. Справочник ВИДАЛЬ предназначен для широкого круга медицинских работников, а также специалистов, связанных с лекарственным обеспечением.
517 Другие варианты заглавия 1_
a Другие варианты заглавия Лекарственные препараты в России
606 Тематические рубрики __
a Основная рубрика Здравоохранение. Медицинские науки
2 Код системы nlr_sh
606 Тематические рубрики __
a Основная рубрика Фармакология
2 Код системы nlr_sh
610 Ключевые слова 0_
a Ключевые слова лекарства
610 Ключевые слова 0_
a Ключевые слова фармакокинетика
610 Ключевые слова 0_
a Ключевые слова лекарственные препараты
610 Ключевые слова 0_
a Ключевые слова витамины
610 Ключевые слова 0_
a Ключевые слова лекарственные формы
610 Ключевые слова 0_
a Ключевые слова фармацевтические фирмы
610 Ключевые слова 0_
a Ключевые слова нозология
610 Ключевые слова 0_
a Ключевые слова парафармацевтики
686 Индексы других классификаций __
a Классификационный индекс 52.817я22
2 Код системы rubbks
702 Вторичная интеллектуальная ответственность _1
a Фамилия Меджиева
b Имя О. А.
4 Код отношения 340
702 Вторичная интеллектуальная ответственность _1
a Фамилия Спивак
b Имя Н. Л.
4 Код отношения 340
702 Вторичная интеллектуальная ответственность _1
a Фамилия Язынина
b Имя Е. В.
4 Код отношения 340
702 Вторичная интеллектуальная ответственность _1
a Фамилия Толмачева
b Имя Е. А.
4 Код отношения 340
801 Источник записи _0
a Страна RU
b Организация Муниципальное бюджетное учреждение культуры "Централизованная библиотечная система" г. Сургут (Центральная городская библиотека им. А. С. Пушкина)
c Дата составления 20221005
g Правила каталогизации PSBO
801 Источник записи _1
a Страна RU
b Организация Муниципальное бюджетное учреждение культуры "Централизованная библиотечная система" г. Сургут (Центральная городская библиотека им. А. С. Пушкина)
c Дата составления 20221005
g Правила каталогизации PSBO
852 Данные о местонахождении __
j Шифр хранения 52.817я22
i Авторский знак С 74
900 Макрообъекты __
a Макрообъекты Справочник Видаль, 2022
901 Тип документа __
a Ответственный КиК/Котельникова
t Тип документа m
903 Характеристики (МАРС) __
a Дата передачи 20221005
c Наименование библиотеки (МАРС) Муниципальное бюджетное учреждение культуры "Централизованная библиотечная система" г. Сургут (Центральная городская библиотека им. А. С. Пушкина)
969 Тип издания __
a Тип издания справочник
990 Данные о заказе (DOS) __
j Количество экземпляров (DOS) 1
t N записи в КСУ для И/У (DOS) 202210